| 000 | 01402nam2a2200277 4500 | ||
|---|---|---|---|
| 001 | RU\NLR\BIBL_A\011661468 | ||
| 005 | 20180328155423.0 | ||
| 010 |
_a978-5-00112-074-2 _95000 |
||
| 021 |
_aRU _bКН-П-18-011244 _9КН-П-18-0790 |
||
| 035 | _a(NLR Aleph) 011661468 | ||
| 035 | _a(RuMoRGB)009544849 | ||
| 090 |
_a11184010 _c11184010 |
||
| 100 | _a20180320d2018 e y0rusy50 ca | ||
| 101 | 1 |
_arus _ceng |
|
| 102 | _aRU | ||
| 105 | _ay z 000 y | ||
| 200 | 1 |
_aБелая обезьяна _e[роман] _aИдиллия _e[интерлюдия] _aСеребряная ложка _e[роман, ч. 1, 2 _fперевод с английского Риты Райт-Ковалевой и др.] |
|
| 210 | _d2018 | ||
| 215 | _a505, [5] с. | ||
| 461 | 0 |
_1001RU\NLR\BIBL_A\011590243 _12001#$aСовременная комедия$e[трилогия$eв 2 т.]$fДжон Голсуорси$g[пер. с англ. Александры Кривцовой, Марии Лорие]$vТ. 1 _1700#1$aГолсуорси$bД.$f1867-1933$gДжон$3RU\NLR\AUTH\771996 _910834224 _aГолсуорси, Д. (1867-1933) _cМосква _d2018 _fДжон Голсуорси _nВремя _o[трилогия : в 2 т.] _tСовременная комедия _y9785001120735 _vТ. 1 |
|
| 852 |
_aNLR _j2017-3/35751 |
||
| 942 | _cBOOK | ||
| 980 | _aNBR | ||
| 980 | _aNB | ||